[Event "Chess for fun, not chess for blood"]
[Site "SchemingMind.com"]
[Date "2009.05.03"]
[Round "-"]
[White "aadaam"]
[Black "schakert"]
[Result "0-1"]
[WhiteCountry "INT"]
[BlackCountry "NED"]
[WhiteElo "1688"]
[WhiteRD "47"]
[BlackElo "1712"]
[BlackRD "62"]
[GameID "203173"]

1. d4 d6 2. c4 Nd7 3. Nc3 e5 4. Nf3 c6 5. d5 Ngf6 6. e4 Qc7 7. Bd3 h6 8. h3 Be7 9. O-O Nf8 10. Nh2 g5
11. Be3 Ng6 12. Ne2 Nf4 13. b4 h5 14. Bxf4 gxf4 15. Kh1 Rg8 16. Ng1 Ng4 17. Be2 Nxh2 18. Kxh2 f5 19. Bxh5+ Kd8 20. exf5 Bxf5
21. dxc6 bxc6 22. c5 d5 23. Re1 e4 24. f3 Bh4 25. Bg4 Bxg4 26. hxg4 Bxe1
0-1

[Event "Chess for fun, not chess for blood"]
[Site "SchemingMind.com"]
[Date "2009.05.03"]
[Round "-"]
[White "staunton64"]
[Black "lame wolf"]
[Result "1-0"]
[WhiteCountry "FRA"]
[BlackCountry "INT"]
[WhiteElo "1727"]
[WhiteRD "65"]
[BlackElo "1075"]
[BlackRD "42"]
[GameID "203174"]

1. c4 d5 2. cxd5 Qxd5 3. Nc3 Qd8 4. g3 c6 5. Bg2 e6 6. Nf3 Bd6 7. O-O e5 8. d4 exd4 9. Nxd4 c5 10. Ndb5 Ke7
11. Nxd6 Qxd6 12. Qxd6+ Kxd6 13. Rd1+ Ke6 14. Bh3+ Kf6 15. Bxc8
1-0

[Event "Chess for fun, not chess for blood"]
[Site "SchemingMind.com"]
[Date "2009.05.04"]
[Round "-"]
[White "staunton64"]
[Black "Ivancic"]
[Result "0-1"]
[WhiteCountry "FRA"]
[BlackCountry "AUS"]
[WhiteElo "1681"]
[WhiteRD "67"]
[BlackElo "1957"]
[BlackRD "71"]
[GameID "203175"]

1. c4 e5 2. g3 Nf6 3. Bg2 d5 4. cxd5 Nxd5 5. Nc3 Nb6 6. Nf3 Nc6 7. O-O Be6 8. e3 Bg4 9. Qc2 Qd7 10. b3 O-O-O
11. Bb2 Nb4 12. Qe4 f5 13. Qxe5 Nd3 14. Qa5 Bxf3 15. Bxf3 Nxb2 16. d4 a6 17. Be2 Nd5 18. Nxd5 Qxd5 19. Qxd5 Rxd5 20. Rab1= Ba3
21. Kg2 Kb8 22. f3 c5 23. dxc5 Rd2 24. Rf2 Rhd8 25. f4 Bxc5 26. Kf3 Nd3 27. Rg2 Re8 28. Bxd3 Rxe3#
0-1

[Event "Chess for fun, not chess for blood"]
[Site "SchemingMind.com"]
[Date "2009.05.03"]
[Round "-"]
[White "staunton64"]
[Black "schakert"]
[Result "0-1"]
[WhiteCountry "FRA"]
[BlackCountry "NED"]
[WhiteElo "1727"]
[WhiteRD "65"]
[BlackElo "1712"]
[BlackRD "62"]
[GameID "203176"]

1. c4 d6 2. g3 Nd7 3. Bg2 e5 4. Nc3 c6 5. Nf3 Ngf6 6. O-O Qc7 7. e3 Be7 8. d4 h6 9. b4 g5 10. h3 Nf8
11. Bb2 Rg8 12. dxe5 dxe5 13. c5 Ng6 14. Nd2 Be6 15. Nce4 O-O-O 16. Qc2 Nd7 17. Rfd1 f5 18. Nd6+ Bxd6 19. cxd6 Qb6 20. a3 e4
21. Nc4 Bxc4 22. Qxc4 Nde5 23. Qe6+ Nd7 24. Bd4 Qa6 25. a4 Rde8 26. Qxg8 Rxg8 27. Bf1 Qxf1+ 28. Kxf1 b6 29. Rac1 Kb7 30. Rc2 f4
31. exf4 gxf4 32. gxf4 Nxf4 33. Be3 Nd3 34. b5 c5 35. Rdd2 N7e5 36. Rxd3 exd3 37. Rd2 c4 38. f4 Nf3 39. Rg2 Rxg2 40. Kxg2 d2
41. Bxd2 Nxd2 42. f5 Ne4 43. Kf3 Nxd6 44. f6 Kc7 45. Ke3 Kd7 46. f7 Nxf7 47. Kd4= Nd6 48. Kc3 Ke6 49. Kd4 Kf5 50. Kc3 Ke4
0-1

[Event "Chess for fun, not chess for blood"]
[Site "SchemingMind.com"]
[Date "2009.05.04"]
[Round "-"]
[White "staunton64"]
[Black "Jochen"]
[Result "1-0"]
[WhiteCountry "FRA"]
[BlackCountry "GBR"]
[WhiteElo "1727"]
[WhiteRD "65"]
[BlackElo "1168"]
[BlackRD "77"]
[GameID "203177"]

1. c4 e5 2. g3 c6 3. Bg2 Na6 4. Nc3 Nc5 5. d4 exd4 6. Qxd4 Ne6 7. Qd2 Nf6 8. Nf3 Bc5 9. O-O d6 10. a3 h6
11. e3 Ng5 12. Nxg5 hxg5 13. e4 Be6 14. Qxg5 Kd7 15. Rd1 Kc8 16. e5 Rh5 17. Qxg7 Kc7 18. exf6 Rf5 19. Bf4 Kb6 20. Na4+ Ka5
21. Nxc5 Rxc5 22. b4+ Ka4 23. bxc5 d5 24. cxd5 cxd5 25. Rd4+ Kb5 26. Rb4+ Kxc5 27. Rc1#
1-0

[Event "Chess for fun, not chess for blood"]
[Site "SchemingMind.com"]
[Date "2009.05.03"]
[Round "-"]
[White "staunton64"]
[Black "MazetaFighter"]
[Result "0-1"]
[WhiteCountry "FRA"]
[BlackCountry "GRE"]
[WhiteElo "1681"]
[WhiteRD "67"]
[BlackElo "1994"]
[BlackRD "61"]
[GameID "203178"]

1. c4 Nf6 2. g3 c6 3. Bg2 e5 4. Nc3 d5 5. cxd5 cxd5 6. d4 exd4 7. Qxd4 Nc6 8. Qa4 Bb4 9. Bd2 O-O 10. Nf3 Re8
11. O-O d4 12. Nb5 Bxd2 13. Nxd2 Rxe2 14. Nf3 Bd7 15. Qc4 Rxb2 16. Nfxd4 Nxd4 17. Nd6 Qb6 18. Qxf7+ Kh8 19. Nc4 Qb5 20. Nxb2 Qxb2
21. Rab1 Qa3 22. Rxb7 Rf8 23. Qc4 Nf3+ 24. Bxf3 Qxf3 25. Rc1 Bh3 26. Qc6 Ne4
0-1

[Event "Chess for fun, not chess for blood"]
[Site "SchemingMind.com"]
[Date "2009.05.04"]
[Round "-"]
[White "staunton64"]
[Black "aadaam"]
[Result "1-0"]
[WhiteCountry "FRA"]
[BlackCountry "INT"]
[WhiteElo "1727"]
[WhiteRD "65"]
[BlackElo "1688"]
[BlackRD "47"]
[GameID "203179"]

1. c4 Nf6 2. g3 d5 3. cxd5 Nxd5 4. Bg2 c6 5. Nc3 e5 6. Nf3 Bd6 7. O-O O-O 8. d4 Nxc3 9. bxc3 Nd7 10. Bb2 Re8
11. Rb1 Qc7 12. Qc2 Nf6 13. e4 exd4 14. cxd4 Nxe4 15. Rfe1 Nf6 16. Rxe8+ Nxe8 17. Re1 Bd7 18. Ng5 g6 19. Ne4 Bb4 20. Re2 Bf5
21. Qc4 Bxe4 22. Rxe4 Bf8 23. Rf4 Nd6 24. Qb3 Re8 25. d5 c5 26. Qc3 f5 27. Qh8+ Kf7 28. Qxh7+
1-0

[Event "Chess for fun, not chess for blood"]
[Site "SchemingMind.com"]
[Date "2009.05.04"]
[Round "-"]
[White "lame wolf"]
[Black "staunton64"]
[Result "0-1"]
[WhiteCountry "INT"]
[BlackCountry "FRA"]
[WhiteElo "1075"]
[WhiteRD "42"]
[BlackElo "1727"]
[BlackRD "65"]
[GameID "203180"]

1. b4 Nf6 2. a3 d5 3. d4 Nbd7 4. e3 g6 5. c4 c6 6. c5 b6 7. Bd3 bxc5 8. bxc5 e5 9. Bb2 e4 10. Be2 Bg7
11. a4 O-O 12. f3 Re8 13. Bc3 Nf8 14. Nd2 Ne6 15. f4 h5 16. h3 Nh7 17. Qc2 Bf8 18. Bb4 Ng7 19. a5 Nf5 20. Qb3 Ng3
21. Rh2 Nxe2 22. Nxe2 Rb8 23. g3 Nf6 24. Kf2 Bg7 25. g4 hxg4 26. Nb1 gxh3 27. Nd2 Ng4+ 28. Kg3 Nxh2 29. Kxh2 Qh4 30. Ng3 Qg4
31. Ra4 Bf6 32. a6 Bh4 33. Ndf1 Qf3 34. Ra2 Kg7 35. Re2 Rh8 36. Nf5+ Bxf5 37. Qb2 Rxb4 38. Qd2 Rb1
0-1

[Event "Chess for fun, not chess for blood"]
[Site "SchemingMind.com"]
[Date "2009.05.04"]
[Round "-"]
[White "Ivancic"]
[Black "staunton64"]
[Result "1-0"]
[WhiteCountry "AUS"]
[BlackCountry "FRA"]
[WhiteElo "1957"]
[WhiteRD "71"]
[BlackElo "1681"]
[BlackRD "67"]
[GameID "203181"]

1. e4 c5 2. Nf3 Nc6 3. d4 cxd4 4. Nxd4 Nf6 5. Nc3 e6 6. Ndb5 d6 7. Bf4 e5 8. Bg5 Be7 9. Bxf6 gxf6 10. Nd5 O-O
11. Nxe7+ Qxe7 12. Qxd6 Qxd6 13. Nxd6 Nd4 14. O-O-O a6 15. c3 Nc6 16. Nxc8 Raxc8 17. Rd6 Kg7 18. h4 Rfd8 19. Rxd8 Rxd8 20. Be2 Ne7=
21. g4 Ng6 22. f3 Nf4 23. Bf1 Rd3 24. Bxd3 Nxd3+ 25. Kc2 Nf4 26. a4 Kf8 27. Rd1 Ke7 28. b4 b5 29. Kb3 h6 30. axb5 axb5
31. Ra1 Ne6 32. Ra7+ Kf8 33. Rb7
1-0

[Event "Chess for fun, not chess for blood"]
[Site "SchemingMind.com"]
[Date "2009.05.03"]
[Round "-"]
[White "schakert"]
[Black "staunton64"]
[Result "0-1"]
[WhiteCountry "NED"]
[BlackCountry "FRA"]
[WhiteElo "1712"]
[WhiteRD "62"]
[BlackElo "1727"]
[BlackRD "65"]
[GameID "203182"]

1. d4 Nf6 2. Nf3 e6 3. c4 d5 4. e3 c5 5. cxd5 Nxd5 6. Bb5+ Bd7 7. Bc4 Nc6 8. Bxd5 exd5 9. Nc3 Be6 10. O-O Be7
11. dxc5 Bxc5 12. e4 d4 13. Nd5 O-O 14. Nf4 Bg4 15. Nd3 Bb6 16. Bd2 Re8 17. Re1 Rc8 18. Rc1 Bc7 19. Bf4 Bxf4 20. Nxf4 Ne5
21. Qb3 Rxc1 22. Rxc1 Nxf3+ 23. gxf3 Be6 24. Nxe6 Rxe6 25. Qxb7 Qg5+
0-1

[Event "Chess for fun, not chess for blood"]
[Site "SchemingMind.com"]
[Date "2009.05.04"]
[Round "-"]
[White "Jochen"]
[Black "staunton64"]
[Result "0-1"]
[WhiteCountry "GBR"]
[BlackCountry "FRA"]
[WhiteElo "1168"]
[WhiteRD "77"]
[BlackElo "1727"]
[BlackRD "65"]
[GameID "203183"]

1. e4 c5 2. Na3 Nc6 3. c3 Nf6 4. d3 d5 5. Qe2 Qc7 6. Nb5 Qd7 7. Bf4 e5 8. Bg3 Be7 9. O-O-O O-O 10. Nh3 a6
11. Na3 d4 12. Qd2 b5 13. Ng5 c4 14. Be2 b4 15. cxb4 Nxb4 16. Nc2 Nxa2+ 17. Kb1 Qa4 18. Nxh7 c3 19. b3 Qxb3+ 20. Ka1 Qb2#
0-1

[Event "Chess for fun, not chess for blood"]
[Site "SchemingMind.com"]
[Date "2009.05.04"]
[Round "-"]
[White "MazetaFighter"]
[Black "staunton64"]
[Result "1-0"]
[WhiteCountry "GRE"]
[BlackCountry "FRA"]
[WhiteElo "2036"]
[WhiteRD "70"]
[BlackElo "1727"]
[BlackRD "65"]
[GameID "203184"]

1. e4 c5 2. Nf3 Nc6 3. d4 cxd4 4. Nxd4 Nf6 5. Nc3 a6 6. Nxc6 bxc6 7. e5 Nd5 8. Nxd5 cxd5 9. Qxd5 Rb8 10. Bc4 e6
11. Qd4 Be7 12. O-O O-O 13. Be3 d6 14. exd6 Qxd6 15. Qxd6 Bxd6 16. b3 Bb7 17. Rad1 Rfd8 18. Bb6 Bxg2 19. Bxd8 Bxf1 20. Rxd6 Bh3
21. Bc7 Re8 22. Bxa6 f6 23. Rd8 Rxd8 24. Bxd8 Kf7 25. c4 e5 26. f3 Bf5 27. c5 Bb1 28. c6 Bf5 29. c7 Ke8 30. b4
1-0

[Event "Chess for fun, not chess for blood"]
[Site "SchemingMind.com"]
[Date "2009.05.04"]
[Round "-"]
[White "aadaam"]
[Black "staunton64"]
[Result "1-0"]
[WhiteCountry "INT"]
[BlackCountry "FRA"]
[WhiteElo "1688"]
[WhiteRD "47"]
[BlackElo "1727"]
[BlackRD "65"]
[GameID "203185"]

1. d4 Nf6 2. c4 e6 3. Nc3 Bb4 4. a3 Bxc3+ 5. bxc3 c5 6. e3 O-O 7. Bd3 Nc6 8. Ne2 Qc7 9. O-O d5 10. Qc2 Na5
11. cxd5 exd5 12. Bd2 c4 13. Bf5 Bxf5 14. Qxf5 Nb3 15. Rad1 Ne4 16. Bc1 Nxc1 17. Rxc1 Rad8 18. f3 Nf6 19. e4 Rfe8 20. e5 Qd7
21. Qc2 Qe6 22. Nf4 Qc6 23. exf6 Qxf6 24. g3 h6 25. h4 b5 26. Kf2 Re7 27. Rfe1 g5 28. hxg5 hxg5 29. Nh5 Qd6 30. Qf5 Rxe1
31. Qxg5+ Kf8 32. Qg7+ Ke7 33. Rxe1+ Kd7 34. Qxf7+ Kc8 35. Re6 Rd7 36. Qg8+ Rd8 37. Qg4 Qd7 38. Nf6
1-0

[Event "Chess for fun, not chess for blood"]
[Site "SchemingMind.com"]
[Date "2009.05.04"]
[Round "-"]
[White "Miael_"]
[Black "lame wolf"]
[Result "1-0"]
[WhiteCountry "ARG"]
[BlackCountry "INT"]
[WhiteElo "1631"]
[WhiteRD "105"]
[BlackElo "1075"]
[BlackRD "42"]
[GameID "203204"]

1. e4 d5 2. exd5 Qxd5 3. Nc3 Qd8 4. Nf3 e6 5. d4 Bb4 6. Bd2 Ne7 7. Bc4 Nbc6 8. a3 Bxc3 9. Bxc3 O-O 10. O-O Nf5
11. d5 exd5 12. Bxd5 Be6 13. Bxc6 Qxd1 14. Raxd1 Rfd8 15. Bxb7 Rab8 16. h3 Bc8 17. Rxd8#
1-0

[Event "Chess for fun, not chess for blood"]
[Site "SchemingMind.com"]
[Date "2009.05.04"]
[Round "-"]
[White "Miael_"]
[Black "Ivancic"]
[Result "1-0"]
[WhiteCountry "ARG"]
[BlackCountry "AUS"]
[WhiteElo "1800"]
[WhiteRD "93"]
[BlackElo "1957"]
[BlackRD "71"]
[GameID "203205"]

1. e4 c5 2. Nf3 d6 3. d4 cxd4 4. Nxd4 Nf6 5. Nc3 a6 6. Be2 e5 7. Nf3 h6 8. O-O Be6 9. Be3 Ng4 10. Bd2 f5
11. exf5 Bxf5 12. Bc4 Nd7 13. Bd5 Rb8 14. Ne4 Ngf6 15. Nxf6+ Nxf6 16. Bb3 Bg4 17. Re1 Be7 18. h3 Bh5 19. Bc3 Bf7 20. Bxf7+ Kxf7
21. Qe2 b5 22. Rad1 Qb6 23. a4 Rhe8 24. Ra1 Kg8 25. axb5 axb5 26. Rf1 e4 27. Nd4 b4 28. Ra6 Qc5 29. Nb3 Qc8 30. Bd4 d5
31. Be5 Ra8 32. Rxa8 Qxa8 33. Ra1 Qc8 34. Ra7 Qf5 35. Bg3 Nh5 36. Qb5 Kf8 37. Nd4 Qf7 38. Bd6 Nf6 39. Nf5 Ng8 40. Bxe7+ Nxe7
41. Nd6 Qg6 42. Nxe8 Qxe8 43. Qb7
1-0

[Event "Chess for fun, not chess for blood"]
[Site "SchemingMind.com"]
[Date "2009.05.04"]
[Round "-"]
[White "Miael_"]
[Black "schakert"]
[Result "1-0"]
[WhiteCountry "ARG"]
[BlackCountry "NED"]
[WhiteElo "1631"]
[WhiteRD "105"]
[BlackElo "1712"]
[BlackRD "62"]
[GameID "203206"]

1. e4 d6 2. d4 Nd7 3. Nf3 e5 4. Bc4 h6 5. O-O Ngf6 6. Nc3 c6 7. Re1 Qc7 8. dxe5 dxe5 9. a3 Be7 10. Be3 Nf8
11. b4 g5 12. Qe2 Ng6 13. Rad1 Nf4 14. Bxf4 gxf4 15. Rd3 Rg8 16. Na2 h5 17. Nc3 Bg4 18. Red1 h4 19. Kh1 h3 20. g3 Nh5
21. Bb3 Bc8 22. Nd2 Bg4 23. f3 fxg3 24. fxg4 g2+ 25. Kg1 Nf4 26. Qf3 Qb6+ 27. Re3 O-O-O 28. Bxf7 Rgf8 29. Nc4 Rxd1+ 30. Nxd1 Qd4
31. c3 Qd8 32. Nxe5 Bf6 33. Ng6 Rxf7 34. Nxf4 Bg5 35. Rd3 Qb6+ 36. Rd4 Bf6 37. Qf2 Bxd4 38. cxd4 Rxf4 39. Qxf4 Qxd4+ 40. Ne3 Qa1+
41. Nf1 gxf1=Q+ 42. Qxf1 Qd4+ 43. Qf2 Qd1+ 44. Qf1 Qxg4+ 45. Kf2 Kc7 46. Ke3 Qg7 47. Qf4+= Kb6 48. e5 Qg8 49. Qd4+ Ka6 50. Kd3 Qb3+
51. Ke4 Qxa3 52. Qc5 b6 53. b5+
1-0

[Event "Chess for fun, not chess for blood"]
[Site "SchemingMind.com"]
[Date "2009.05.04"]
[Round "-"]
[White "Miael_"]
[Black "Jochen"]
[Result "1-0"]
[WhiteCountry "ARG"]
[BlackCountry "GBR"]
[WhiteElo "1631"]
[WhiteRD "105"]
[BlackElo "1168"]
[BlackRD "77"]
[GameID "203207"]

1. e4 e5 2. Nf3 Nc6 3. Bc4 h6 4. Nc3 Nf6 5. d3 a6 6. O-O b5 7. Bb3 Bc5 8. Bd5 Qe7 9. a4 Rb8 10. axb5 axb5
11. Bb3 O-O 12. Nh4 Nd4 13. Ng6 Qd6 14. Nxf8 Qxf8 15. Nd5 Rb7 16. Nxf6+ gxf6 17. Qh5 Ne6 18. Bxh6 Qe7 19. Ra8 Qe8 20. Qg4+ Kh8
21. Bxe6 dxe6 22. Qg7#
1-0

[Event "Chess for fun, not chess for blood"]
[Site "SchemingMind.com"]
[Date "2009.05.03"]
[Round "-"]
[White "Miael_"]
[Black "MazetaFighter"]
[Result "0-1"]
[WhiteCountry "ARG"]
[BlackCountry "GRE"]
[WhiteElo "1631"]
[WhiteRD "105"]
[BlackElo "2036"]
[BlackRD "70"]
[GameID "203208"]

1. e4 e5 2. f4 exf4 3. Nf3 g5 4. h4 g4 5. Ng5 h6 6. Nxf7 Kxf7 7. Qxg4 Nf6 8. Qxf4 Bd6 9. Bc4+ Kg7 10. Qe3 Nc6
11. O-O Qe7 12. Rf5 Ne5 13. Be2 b6 14. d4 Neg4 15. Rg5+ hxg5 16. Qxg5+ Kf8 17. Bxg4 Nxg4 18. Qxg4 Qxh4
0-1

[Event "Chess for fun, not chess for blood"]
[Site "SchemingMind.com"]
[Date "2009.05.04"]
[Round "-"]
[White "Miael_"]
[Black "staunton64"]
[Result "1/2-1/2"]
[WhiteCountry "ARG"]
[BlackCountry "FRA"]
[WhiteElo "1800"]
[WhiteRD "93"]
[BlackElo "1681"]
[BlackRD "67"]
[GameID "203209"]

1. e4 c5 2. c3 d5 3. exd5 Qxd5 4. d4 Nc6 5. Nf3 Bg4 6. dxc5 Qxd1+ 7. Kxd1 Rd8+ 8. Ke1 Nf6 9. Be2 e5 10. Be3 Be7
11. Nbd2 O-O 12. Rd1 a6 13. Nc4 Rxd1+ 14. Bxd1 Rd8 15. h3 Be6 16. Nfxe5 Nxe5 17. Nxe5 Ne4 18. c6 bxc6 19. Nxc6 Rd7 20. Bf3 f5
21. Nxe7+ Rxe7 22. Bxe4 fxe4 23. b3 Kf7 24. c4 Rd7 25. Ke2 a5 26. Rd1 Rb7 27. Rd6 a4 28. c5 axb3 29. axb3 Rxb3 30. Rd4 Rb2+
31. Ke1 Rb1+ 32. Kd2 Rb2+ 33. Kc1 Ra2 34. Rxe4 Bd5 35. Rf4+ Ke7 36. Rg4 g6 37. h4 Kd7 38. h5 gxh5 39. Rg7+ Kc6 40. g3 Be4
41. Rf7 Ra1+ 42. Kb2 Rb1+ 43. Kc3 Rb7 44. Rxb7 Kxb7= 45. Kd4 Bf3 46. Bg5 Kc6 47. Be7 Kd7 48. Bd6 Ke6 49. Be5 Kd7 50. Bd6 Kc6
51. Be7=
1/2-1/2

[Event "Chess for fun, not chess for blood"]
[Site "SchemingMind.com"]
[Date "2009.05.04"]
[Round "-"]
[White "Miael_"]
[Black "aadaam"]
[Result "1-0"]
[WhiteCountry "ARG"]
[BlackCountry "INT"]
[WhiteElo "1631"]
[WhiteRD "105"]
[BlackElo "1688"]
[BlackRD "47"]
[GameID "203210"]

1. e4 e6 2. d4 d5 3. Nc3 Nf6 4. Bg5 dxe4 5. Nxe4 Be7 6. Bxf6 Bxf6 7. Nf3 Nd7 8. Nxf6+ Nxf6 9. Bc4 b6 10. O-O Bb7
11. c3 O-O 12. Re1 Bd5 13. Bxd5 Qxd5 14. Re5 Qd6 15. Nd2 Rad8 16. Nc4 Qe7 17. Ne3 g6 18. Qf3 Nd7 19. Nd5 Qd6 20. Nf6+ Kg7
21. Nxd7 Rxd7 22. Rae1 c6 23. Rg5 h6 24. Rge5 Re7 25. R1e3 f6 26. R5e4 c5 27. dxc5 bxc5 28. Rd3 Qc6 29. Rd1 e5 30. Rxe5 Rd7
31. Re7+ Rf7 32. Rdxd7
1-0

[Event "Chess for fun, not chess for blood"]
[Site "SchemingMind.com"]
[Date "2009.05.05"]
[Round "-"]
[White "lame wolf"]
[Black "Miael_"]
[Result "0-1"]
[WhiteCountry "INT"]
[BlackCountry "ARG"]
[WhiteElo "1075"]
[WhiteRD "42"]
[BlackElo "1631"]
[BlackRD "105"]
[GameID "203211"]

1. g4 d5 2. g5 e5 3. h4 Nc6 4. Bg2 Bc5 5. e3 f6 6. Ne2 e4 7. b3 Ne5 8. d4 Nf3+ 9. Bxf3 exf3 10. Nf4 Bb6
11. Qxf3 c6 12. Nh5 Qe7 13. gxf6 Nxf6 14. Rg1 Nxh5 15. Qxh5+ Kd8 16. Qe5 Rg8 17. Qxe7+ Kxe7 18. Nd2 Kf7 19. c3 Re8 20. Nf3 Kg8
21. Bd2 Bf5 22. b4 Re4 23. a4 Rf8 24. a5 Bc7 25. a6 b5 26. Rg5 Bc8 27. Ke2 Rg4 28. Rxg4 Bxg4
0-1

[Event "Chess for fun, not chess for blood"]
[Site "SchemingMind.com"]
[Date "2009.05.05"]
[Round "-"]
[White "Ivancic"]
[Black "Miael_"]
[Result "0-1"]
[WhiteCountry "AUS"]
[BlackCountry "ARG"]
[WhiteElo "1957"]
[WhiteRD "71"]
[BlackElo "1800"]
[BlackRD "93"]
[GameID "203212"]

1. e4 e5 2. Nf3 Nc6 3. Bb5 a6 4. Ba4 b5 5. Bb3 Bc5 6. O-O Nf6 7. c3 Nxe4 8. d4 exd4 9. cxd4 Bb4 10. a3 Ba5
11. d5 Ne7 12. Bc2 f5 13. b4 Bb6 14. Ng5 Nf6 15. Re1 O-O 16. d6 cxd6 17. Bb3+ d5 18. Bf4 Kh8 19. Bd6 Ne4 20. Rxe4 fxe4
21. Qh5 Bxf2+ 22. Kh1 h6 23. Nf7+ Rxf7 24. Qxf7 Bh4 25. Be5 Qg8 26. Qh5 Bg5 27. h4 Qe6 28. hxg5 Qxe5 29. Qe8+ Kh7 30. g6+ Nxg6
31. Qxe5 Nxe5 32. Bxd5 Ra7 33. Bxe4+ g6 34. Nc3 d6 35. Nd5 Rf7 36. Rc1 Nc4 37. Rc3 Kg7 38. Bd3 Bb7 39. Bxc4 bxc4 40. Ne3 d5
41. Nc2 Rf4 42. Re3 Kf6 43. Re8 Kf7 44. Rd8 Bc6 45. Rd6 Rf6
0-1

[Event "Chess for fun, not chess for blood"]
[Site "SchemingMind.com"]
[Date "2009.05.05"]
[Round "-"]
[White "schakert"]
[Black "Miael_"]
[Result "0-1"]
[WhiteCountry "NED"]
[BlackCountry "ARG"]
[WhiteElo "1729"]
[WhiteRD "63"]
[BlackElo "1800"]
[BlackRD "93"]
[GameID "203213"]

1. f4 d5 2. Nf3 Nf6 3. e3 g6 4. d4 Bg4 5. Be2 Ne4 6. Nbd2 Nc6 7. c4 Bg7 8. O-O Nxd2 9. Bxd2 dxc4 10. Bxc4 O-O
11. Kh1 e6 12. Bc3 Ne7 13. Qb3 Nd5 14. Be1 Rb8 15. Ne5 Bf5 16. a4 Be4 17. a5 Qd6 18. Bg3 Rfd8 19. f5 Qe7 20. fxg6 fxg6
21. Rf7 Qg5 22. Nf3 Qh5 23. Rxg7+ Kxg7 24. Be5+ Kg8 25. Bxd5 Bxd5 26. Qb4 Bxf3 27. Qe7 Bxg2+ 28. Kg1 Qxe5 29. dxe5 Bh3 30. e4 c6
31. Ra3 Rd1+ 32. Kf2 Rf8+ 33. Ke3 Bg4 34. Qg5 Bh5 35. Qg3 Rf3+ 36. Qxf3 Bxf3 37. Kxf3 Rd2 38. Rb3 Rd7 39. Kf4 h6 40. h4 Rf7+
41. Kg4 Kf8 42. Rd3 Ke8 43. Rd6 Ke7 44. Rd3 a6 45. Rb3 Ke8 46. Rd3 g5 47. hxg5 Rg7 48. Kf4 hxg5+ 49. Kg4 Ke7 50. Rh3 Kd7
51. Rh5 Rf7 52. Rxg5 c5 53. Rg6 c4 54. Rf6 Rg7+ 55. Kf3 Rg5 56. Kf4 Rg2 57. Rf7+ Kc6 58. Re7 Rg6 59. Ke3 Kb5 60. Rxb7+ Kxa5
61. Kd4 Rg5 62. Re7 Kb5 63. Rxe6 Rg3
0-1

[Event "Chess for fun, not chess for blood"]
[Site "SchemingMind.com"]
[Date "2009.05.05"]
[Round "-"]
[White "Jochen"]
[Black "Miael_"]
[Result "0-1"]
[WhiteCountry "GBR"]
[BlackCountry "ARG"]
[WhiteElo "1205"]
[WhiteRD "74"]
[BlackElo "1800"]
[BlackRD "93"]
[GameID "203214"]

1. e4 c6 2. Na3 e5 3. Nc4 Bc5 4. Qh5 d6 5. Nf3 Nf6 6. Qg5 Bxf2+ 7. Ke2 O-O 8. d3 Bc5 9. Nh4 b5 10. Ne3 h6
11. Qg3 Nh5 12. Qf3 Nf4+ 13. Kd1 Qxh4 14. Nf5 Bxf5 15. exf5 Nd5 16. Qg3 Qxg3 17. hxg3 Be3 18. Ke1 Nd7 19. g4 Nc5 20. Bxe3 Nxe3
21. Ke2 Nxc2 22. Rc1 Nd4+ 23. Ke3 Rae8 24. b4 Na6 25. Ke4 Nxb4 26. a3 Na2 27. Re1 Nc3+ 28. Ke3 Nc2+ 29. Kd2 Nxe1 30. Kxc3 e4
31. d4 Nd3 32. Rh5 a5 33. g3 b4+ 34. axb4 axb4+ 35. Kb3 c5 36. Kc4 Rb8 37. Kd5 b3 38. Kxe4 Nf2+ 39. Ke3 Nxg4+ 40. Kd2 b2
41. Bd3 b1=Q 42. Bxb1 Rxb1 43. dxc5 dxc5 44. Rh4 Ne5 45. Ke3 Re8 46. Rc4 Nxc4+ 47. Kd3 Na3 48. g4 Rb3+ 49. Kd2 Ree3 50. Kd1 Rb2
51. Kc1 Rh2 52. Kd1 Rg3 53. Kc1 Rg1#
0-1

[Event "Chess for fun, not chess for blood"]
[Site "SchemingMind.com"]
[Date "2009.05.03"]
[Round "-"]
[White "MazetaFighter"]
[Black "Miael_"]
[Result "1/2-1/2"]
[WhiteCountry "GRE"]
[BlackCountry "ARG"]
[WhiteElo "1994"]
[WhiteRD "61"]
[BlackElo "1800"]
[BlackRD "93"]
[GameID "203215"]

1. e4 e5 2. Nf3 Nc6 3. Bb5 a6 4. Ba4 Nf6 5. O-O d6 6. Bxc6+ bxc6 7. d4 exd4 8. Nxd4 c5 9. Nc6 Qd7 10. Na5 Qa4
11. Nb3 Nxe4 12. Re1 Be6 13. Qf3 d5 14. Nc3 Nxc3 15. bxc3 Bd6 16. Qxd5 O-O 17. Qf3 Qh4 18. g3 Qh3 19. Be3 c4 20. Nd4 Rae8
21. Nxe6 Qxe6 22. Qc6 Be5 23. Qxe6 Rxe6 24. Bd4 Rfe8 25. Kf1 Bd6 26. a4 Rxe1+ 27. Rxe1 Rxe1+ 28. Kxe1 c5= 29. Be3 Kf8 30. Ke2 Ke7
31. Kf3 Ke6 32. h3 Kd5 33. Bf4 Be7 34. g4 Bf6 35. Bd2 Be5 36. h4 f6 37. Ke3=
1/2-1/2

[Event "Chess for fun, not chess for blood"]
[Site "SchemingMind.com"]
[Date "2009.05.05"]
[Round "-"]
[White "staunton64"]
[Black "Miael_"]
[Result "0-1"]
[WhiteCountry "FRA"]
[BlackCountry "ARG"]
[WhiteElo "1681"]
[WhiteRD "67"]
[BlackElo "1800"]
[BlackRD "93"]
[GameID "203216"]

1. c4 Nf6 2. g3 e5 3. Bg2 c6 4. Nc3 Bc5 5. e3 O-O 6. Nge2 d5 7. cxd5 cxd5 8. d4 exd4 9. exd4 Bb4 10. O-O Bg4
11. Qb3 Nc6 12. Nf4 a5 13. Ncxd5 Nxd4 14. Nxf6+ Qxf6 15. Qd5 Be2 16. Nxe2 Nxe2+ 17. Kh1 Nxc1 18. Raxc1 Qxb2 19. Qxb7 Qxa2 20. Rc7 Rad8
21. Kg1 Qd2 22. Bh3 Bd6 23. Rd7 a4 24. Ra1 Qd4 25. Re1 Rxd7 26. Qxd7 a3 27. Re7 a2 28. Rxf7 a1=Q+ 29. Bf1 Rxf7 30. Qc8+ Bf8
31. Kg2 Qxf2+ 32. Kh3 Qfxf1+ 33. Kh4 Qaf6+
0-1

[Event "Chess for fun, not chess for blood"]
[Site "SchemingMind.com"]
[Date "2009.05.05"]
[Round "-"]
[White "aadaam"]
[Black "Miael_"]
[Result "0-1"]
[WhiteCountry "INT"]
[BlackCountry "ARG"]
[WhiteElo "1688"]
[WhiteRD "47"]
[BlackElo "1631"]
[BlackRD "105"]
[GameID "203217"]

1. e4 e5 2. Nf3 Nc6 3. Bb5 a6 4. Ba4 Nf6 5. O-O Be7 6. c3 b5 7. Bc2 O-O 8. d4 exd4 9. cxd4 Nb4 10. Re1 Nxc2
11. Qxc2 Bb7 12. d5 c6 13. Nc3 cxd5 14. e5 Ne4 15. Bf4 Rc8 16. Qd3 Bb4 17. Nxd5 Nc5
0-1